Tulajdonközösség megszüntetése

Elmentve itt :
Bibliográfiai részletek
Dokumentumtípus: Cikk
Megjelent: 1926
Sorozat:Polgári jog : a hazai és külföldi magánjog és hiteljog szemléje 2
Kulcsszavak:Tulajdonjog
Online Access:http://misc.bibl.u-szeged.hu/4314
LEADER 00548nab a2200157 i 4500
001 misc4314
005 20191106143038.0
008 170607s1926 hu o 0|| hun d
040 |a SZTE Miscellanea Repozitórium  |b hun 
041 |a hun 
245 0 0 |a Tulajdonközösség megszüntetése  |h [elektronikus dokumentum] 
260 |c 1926 
300 |a 287-288a 
490 0 |a Polgári jog : a hazai és külföldi magánjog és hiteljog szemléje  |v 2 
695 |a Tulajdonjog 
856 4 0 |u http://misc.bibl.u-szeged.hu/4314/1/polgari_jog_1926_287-288a.pdf  |z Dokumentum-elérés